000 00389nam a2200145Ia 4500
008 220217s9999||||xx |||||||||||||| ||und||
020 _a81-259-2147-8
082 _a604.2 JEY
100 _aJeyapoovan, T
245 0 _aEngineering graphics using autocad
250 _a3rd
260 _aVikas publishing house pvt. ltd.
_bNew Delhi
_c2006
300 _b250
650 _aMECHANICHAL
999 _c176490
_d176490